| 000 | 01003nam a2200241 a 4500 | ||
|---|---|---|---|
| 001 | BRCA_1413 | ||
| 005 | 20190320203421.0 | ||
| 008 | 821217s1983 caua---###---l001-0#eng-# | ||
| 020 | _a0875871100 | ||
| 041 | _aengfre | ||
| 050 | 4 |
_aNK9204 _b.S24 1983 |
|
| 100 | 1 |
_aSaint-Aubin, Charles Germain de _d1721-1786 _94615 |
|
| 245 | 1 | 0 |
_aArt of the Embroiderer _cby Charles Germain de Saint-Aubin designer to the King 1770 ; translated and annotated by Nikki Scheuer ; additional notes and commentaries by Edward Maeder. |
| 260 |
_aLos Ángeles, California _bLos Angeles County Museum of Art _c1983 |
||
| 300 |
_a192 p. _bil. (algunas a color) _c30 cm. |
||
| 500 | _aTraducción de : L´art du brodeur, with a facsim. reproduction of the French original of 1770 | ||
| 500 | _aIncluye índice alfabético | ||
| 650 | 1 | 4 |
_aBordado _xTrabajos tempranos a 1800 _94616 |
| 700 | 1 |
_aScheuer, Nikki _94617 |
|
| 700 | 1 |
_aMaeder, Edward _94618 |
|
| 710 | 2 |
_aLos Angeles County Museum of Art _94619 |
|
| 942 |
_2lcc _cB |
||
| 999 |
_c1275 _d1275 |
||